01000nam a22002777a 45000010005000000030006000050050017000110080041000280200018000690400029000870500013001160820014001291000026001432450095001692500041002642600034003053000045003394900030003845050007004145200154004215210018005755210018005936500042006116500040006537000029006937707FISKH20250826101749.0250731b cb ||||| |||| 00| 0 eng d a9780590480338 aFISKHbengcFISKHdFISKH aT39 .H88 a 609.2273 aHudson, Waded(1946-) aGreat Black heros :bFive notable inventors /cBy Wade Hudson ; Illustrated by Ron Garnett aThis edition first published in 2008 aNew York :bScholastic,c1995 a48 pages :bcolor illustrations ;c23 cm aAdvance readerv# Level 4 aP  aIncludes short biography on 5 different inventors Walker, C.J. Madam; McCoy, Elijah; Morgan, Garrett A.; Woods, Granville T.; Matzeliger, Jan Ernst. 8 a620 bLexile 8 aP bRaz-Plus  2 Madam C.J. Walkera African American 2Black History MonthaSocial studies aGarner, Rondillustrator